00795nam a2200229 a 4500999001500000001000600015003000900021005001700030008004100047040003800088082002400126245006100150260004500211300002200256504004100278505001200319650004300331700002200374710002700396942001500423952012700438 c1846d184619472BD-DhUAP20210127093522.0200216s1993 bg b 00| 0 eng d aBD-DhUAPcBD-DhUAPbEngdBD-DhUAP00223a348.5492046 BAN aBangladesh legal decisions /cedited by Gour Gopal Saha. aDhaka :bBangladesh bar council,cc1997. avolumes ;c24 cm. aIncludes bibliographical references. aV. 17-- aLaw reports, digests, etczBangladesh. aSaha, Gour Gopal  aBangladesh Bar Council00012ddccBK 00102ddc4070aUAPCLbUAPCLcGeneral Stacksd2020-02-17o348.5492046 BAN V-17p3010019472r2020-02-17t1w2020-02-17yBK